| 000 | 00729nam a2200217Ii 4500 | ||
|---|---|---|---|
| 003 | JO-AjNU | ||
| 008 | 230605s9999||||xx |||||||||||||| ||und|| | ||
| 017 | _a2014/5/2411 | ||
| 020 | _a978-9957-74-3741 | ||
| 040 |
_aJO-AjNU _bara _erda _cJO-AjNU |
||
| 041 | _aara | ||
| 050 | 1 | 4 | _aLB10.51 2016 |
| 100 | 3 |
_aمحادين، عثمان, _eauthor _961168 |
|
| 245 | 0 | 0 | _aموضوعات في علم نفس التعلم والتعليم |
| 264 | 3 | 1 | _aعمان: دار كنوز المعرفة للنشر والتوزيع، 2016 |
| 300 | _a160ص | ||
| 336 |
_atext _btxt _2rdacontent |
||
| 337 |
_aunmediated _bn _2rdamedia |
||
| 338 |
_avolume _bnc _2rdacarrier |
||
| 650 | 4 |
_aعلم النفس التربوي- التعلم _961169 |
|
| 999 |
_aA27631 _c31199 _d31199 |
||